[Event "Olimpiade 2022 - Open"]
[Site "Chennai"]
[Date "31.07.2022"]
[Round "3.49"]
[White "Matoewi, Roger"]
[Black "Degenbaev, Aziz"]
[Result "1/2-1/2"]
[WhiteElo "2067"]
[BlackElo "2215"]
[EventDate "31.07.2022"]
[Board "4"]
[WhiteFideId "8200084"]
[BlackFideId "13802640"]

1. e4 c5 2. b3 d6 3. Bb5+ Bd7 4. a4 Nf6 5. Nc3 e6 6. Bb2 Be7 7. Nf3 O-O 8.
O-O Nc6 9. Re1 Rc8 10. e5 Nxe5 11. Nxe5 dxe5 12. Rxe5 a6 13. Bd3 Bc6 14.
Qe2 Bd6 15. Re3 e5 16. Re1 Qc7 17. Rh3 h6 18. Bf5 Bd7 19. Bxd7 Qxd7 20. Ne4
Nxe4 21. Qxe4 c4 22. Bc3 b5 23. axb5 axb5 24. bxc4 Rxc4 25. Qd5 Qc6 26. Rd3
Bc7 27. Qxc6 Rxc6 28. Rb1 Rb8 29. Rd5 b4 30. Rxb4 Rxb4 31. Bxb4 Rxc2 32. g3
Rc4 33. Bc3 f6 34. Kg2 Kf7 35. Rd7+ Kg6 36. h3 Rc6 37. g4 Bb6 38. Kf3 Rc7
39. Rxc7 Bxc7 40. d4 exd4 41. Bxd4 h5 42. Kg2 Be5 43. Bc5 Kg5 44. f3
1/2-1/2

[Event "Olimpiade 2022 - Open"]
[Site "Chennai"]
[Date "31.07.2022"]
[Round "3.50"]
[White "Yousuf M M Al Mutawa"]
[Black "Mendoza, Rodrigo"]
[Result "1/2-1/2"]
[WhiteElo "2120"]
[BlackElo "2215"]
[EventDate "31.07.2022"]
[Board "3"]
[WhiteFideId "12100072"]
[BlackFideId "3301931"]

1. e4 c6 2. d4 d5 3. exd5 cxd5 4. Bd3 Nf6 5. h3 Nc6 6. c3 Qc7 7. Nf3 g6 8.
O-O Bg7 9. Re1 O-O 10. Qc2 Re8 11. Nbd2 Nh5 12. Nf1 Nf4 13. Ng3 Bd7 14. Be3
a6 15. Bf1 e5 16. Qd2 Ne6 17. dxe5 Nxe5 18. Nxe5 Bxe5 19. Ne2 Qd6 20. Nd4
Nc5 21. Bd3 Ne4 22. Qc2 Rad8 23. Rad1 Qc7 24. Nf3 Bg7 25. Qb3 b5 26. a3 Nc5
27. Qc2 Nxd3 28. Qxd3 Bf5 29. Qd2 a5 30. Bd4 f6 31. Nh2 Qc6 32. Nf1 Kf7 33.
Ng3 Bc8 34. Ne2 Re4 35. Ng3 Ree8 36. Ne2 Re4 37. Ng3 Ree8 38. Ne2 1/2-1/2

[Event "Olimpiade 2022 - Open"]
[Site "Chennai"]
[Date "31.07.2022"]
[Round "3.52"]
[White "Castro Torres, Jose Luis"]
[Black "Fates, Omer Salah"]
[Result "1-0"]
[WhiteElo "2326"]
[BlackElo "1940"]
[EventDate "31.07.2022"]
[Board "2"]
[WhiteFideId "3901831"]
[BlackFideId "9212035"]

1. e4 e6 2. d4 d5 3. Nd2 Nf6 4. e5 Nfd7 5. Bd3 Nc6 6. c3 Nb6 7. Qg4 Bd7 8.
h4 Qe7 9. h5 h6 10. Ne2 O-O-O 11. a4 a5 12. Nf3 Qe8 13. b3 f6 14. Bg6 Qe7
15. Ba3 Nb4 16. cxb4 axb4 17. Bb2 f5 18. Qf4 Kb8 19. O-O Nc8 20. Rfc1 Bc6
21. Qd2 Qd7 22. Nf4 Ne7 23. Bf7 1-0

[Event "Olimpiade 2022 - Open"]
[Site "Chennai"]
[Date "31.07.2022"]
[Round "3.54"]
[White "Msellek, Ilyass"]
[Black "Husbands, Orlando"]
[Result "1-0"]
[WhiteElo "2398"]
[BlackElo "2353"]
[EventDate "31.07.2022"]
[Board "1"]
[WhiteFideId "675938"]
[BlackFideId "11101644"]

1. e4 c5 2. Nf3 d6 3. Bb5+ Nd7 4. a4 Nf6 5. Nc3 e6 6. O-O Be7 7. d4 cxd4 8.
Qxd4 O-O 9. Rd1 a6 10. Bf1 Qc7 11. a5 Ne5 12. Nxe5 dxe5 13. Qc4 Qxc4 14.
Bxc4 Bd7 15. Be3 Rac8 16. Bb3 Bc5 17. Bxc5 Rxc5 18. f3 Rfc8 19. Rd2 Kf8 20.
Nd1 Ke7 21. Ne3 Be8 22. c4 Nd7 23. Ba4 Nb8 24. Bxe8 Rxe8 25. b4 Rcc8 26.
Rad1 Red8 27. Rxd8 Rxd8 28. Rxd8 Kxd8 29. Kf2 Nc6 30. Nc2 Kc7 31. Ke3 f5
32. Kd3 Nb8 33. Kc3 Nc6 34. Ne1 Nd4 35. Nd3 Nc6 36. Nc5 Nd4 37. Nd3 Nc6 38.
Kb3 g5 39. Nc5 Nd4+ 40. Kc3 h5 41. Nb3 Nxb3 42. Kxb3 Kd6 43. Kc3 f4 44. h3
Kc6 45. Kd3 Kc7 46. Ke2 Kc6 47. Kf2 Kc7 48. g4 hxg4 49. fxg4 Kc6 50. Kf3
Kd6 51. c5+ Kd7 52. h4 gxh4 53. g5 h3 54. g6 Ke7 55. g7 Kf7 56. b5 axb5 57.
c6 bxc6 58. a6 Kxg7 59. a7 1-0

[Event "Olimpiade 2022 - Open"]
[Site "Chennai"]
[Date "31.07.2022"]
[Round "3.54"]
[White "Blackman, Justin"]
[Black "Tissir, Mohamed"]
[Result "1/2-1/2"]
[WhiteElo "2195"]
[BlackElo "2366"]
[EventDate "31.07.2022"]
[Board "2"]
[WhiteFideId "11100516"]
[BlackFideId "9000240"]

1. d4 Nf6 2. Nf3 g6 3. Bf4 Bg7 4. e3 O-O 5. c4 d6 6. Nc3 c5 7. Be2 Qb6 8.
Qd2 Bf5 9. O-O Nc6 10. dxc5 dxc5 11. Na4 Qb4 12. Qxb4 cxb4 13. a3 bxa3 14.
Rxa3 Ne4 15. h3 Rad8 16. Rc1 e5 17. Bh2 Rfe8 18. Raa1 Nd2 19. Nxd2 Rxd2 20.
Kf1 Red8 21. Rd1 Bc2 22. Rxd2 Rxd2 23. Ke1 Rd8 24. Nc3 e4 25. c5 Bf8 26.
Bd1 Bd3 27. Rc1 Bxc5 28. Nxe4 Bb4+ 29. Nc3 Ba6 30. Be2 Bxe2 31. Kxe2 f5 32.
g4 Kf7 33. Bf4 Ke6 34. gxf5+ gxf5 35. Rg1 Bxc3 36. bxc3 Rd7 37. Rg8 a5 38.
c4 Kf7 39. Rh8 Ke6 40. Re8+ Kf7 41. Rh8 Kg7 42. Rc8 Kf6 43. Rf8+ Ke6 44.
Re8+ Re7 45. Rf8 Rg7 46. Bg3 Rd7 47. Bh4 Rf7 48. Re8+ Kd6 49. Kd3 Kc5 50.
Kc3 a4 51. f4 b5 52. cxb5 Kxb5 53. e4 fxe4 54. Rxe4 a3 55. Kb3 Ra7 56. Bf6
Na5+ 57. Ka2 Nc4 58. Re7 Ra6 59. Rb7+ Kc6 60. Rxh7 Kd5 61. Bc3 Rg6 62. Rd7+
Kc5 63. f5 Rg3 64. Kb3 Na5+ 65. Kc2 a2 66. Rd1 Rg2+ 67. Kd3 Rg3+ 68. Kc2
Rg2+ 69. Kd3 Rg3+ 70. Kc2 Rg2+ 71. Kd3 1/2-1/2

[Event "Olimpiade 2022 - Open"]
[Site "Chennai"]
[Date "31.07.2022"]
[Round "3.57"]
[White "Akinseye, Abiola"]
[Black "Mohamed Abderrahim, Taleb Mohamed"]
[Result "1-0"]
[WhiteElo "2214"]
[BlackElo "2084"]
[EventDate "31.07.2022"]
[Board "4"]
[WhiteFideId "8503010"]
[BlackFideId "19601441"]

1. e4 e5 2. Nf3 Nc6 3. Bc4 Nf6 4. d3 Bc5 5. O-O a6 6. Be3 Bxe3 7. fxe3 O-O
8. Qe1 d5 9. exd5 Nxd5 10. a3 Be6 11. Nbd2 f6 12. Nh4 Nce7 13. Ne4 c6 14.
Qg3 Kh8 15. Nc5 Bc8 16. Qe1 Qb6 17. b4 a5 18. Rb1 axb4 19. axb4 Qc7 20. Kh1
b6 21. Ne4 Bd7 22. Ng3 f5 23. e4 fxe4 24. Nxe4 Rf4 25. g3 Rxf1+ 26. Qxf1
Ne3 27. Qf7 Nxc4 28. Qxe7 Ne3 29. Qg5 Nxc2 30. Ng6+ hxg6 31. Qh4+ Kg8 32.
Ng5 Bf5 33. Qh7+ Kf8 34. Qh8+ Ke7 35. Qxa8 Qd7 36. Qg8 Qd5+ 37. Qxd5 cxd5
38. Rb3 Ne1 39. Kg1 Nxd3 40. g4 Nc1 41. Re3 Bxg4 42. Rxe5+ Kd6 43. Nf7+ Kc6
44. Rg5 Bf5 45. Ne5+ Kb5 46. Nxg6 Be4 47. Nf4 Kc4 48. Rxg7 Nd3 49. Nxd3
Bxd3 50. h4 Kxb4 51. h5 Kc4 52. Rc7+ Kb3 53. Kf2 d4 54. Ke1 b5 55. Kd2 Be4
56. Re7 Bb1 57. h6 b4 58. h7 Bxh7 59. Rxh7 Ka2 60. Kc1 d3 61. Rd7 1-0

[Event "Olimpiade 2022 - Open"]
[Site "Chennai"]
[Date "31.07.2022"]
[Round "3.58"]
[White "Shaker, Musab"]
[Black "Gengler, Pierre"]
[Result "0-1"]
[WhiteElo "1705"]
[BlackElo "2194"]
[EventDate "31.07.2022"]
[Board "4"]
[WhiteFideId "11201789"]
[BlackFideId "4000714"]

1. d4 g6 2. Nf3 Bg7 3. Bf4 d6 4. e3 Nd7 5. Be2 e5 6. Bg3 Nh6 7. h3 O-O 8.
O-O b6 9. c4 Nf5 10. Bh2 Bb7 11. Nc3 Qe7 12. Re1 a6 13. Nd5 Bxd5 14. cxd5
exd4 15. exd4 Qf6 16. Rc1 Rfc8 17. Bf1 Nxd4 18. Nxd4 Qxd4 19. Qxd4 Bxd4 20.
Re7 Nc5 21. b4 Bf6 22. Re3 Na4 23. Be2 Bg5 24. f4 Bf6 25. Re4 Nc3 26. Re3
Bd4 27. Rxc3 Re8 28. Kf2 Rxe3 29. Rxe3 Re8 30. Bxa6 Rxe3 31. Kf1 Rc3 32.
Ke1 Rc2 33. f5 0-1

[Event "Olimpiade 2022 - Open"]
[Site "Chennai"]
[Date "31.07.2022"]
[Round "3.61"]
[White "Leon Archibaldo, Orlando Andres"]
[Black "Wu, Bing-Shen"]
[Result "0-1"]
[WhiteElo "2193"]
[BlackElo "1660"]
[EventDate "31.07.2022"]
[Board "4"]
[WhiteFideId "6600913"]
[BlackFideId "16301536"]

1. d4 Nf6 2. Nc3 g6 3. e4 d6 4. Bf4 Bg7 5. Qd2 c6 6. Bh6 Bxh6 7. Qxh6 Qa5
8. Bd3 c5 9. dxc5 Qxc5 10. h3 Nc6 11. Nf3 Be6 12. O-O Rg8 13. Qg5 Nd4 14.
Qe3 Nxf3+ 15. Qxf3 O-O-O 16. Rfe1 g5 17. Qe3 Qxe3 18. Rxe3 Nd7 19. Nb5 Kb8
20. Nd4 Ne5 21. Nxe6 fxe6 22. Be2 Rc8 23. c3 Kc7 24. Rd1 Kd8 25. Rg3 Kd7
26. Bb5+ Kc7 27. Ba4 h5 28. Bb3 Rg6 29. f4 gxf4 30. Rxg6 Nxg6 31. Bxe6 Rf8
32. Kf2 Rf6 33. Bd5 Ne5 34. a4 h4 35. a5 f3 36. Rd4 fxg2+ 37. Kxg2 Rg6+ 38.
Kf1 e6 39. Bb3 Nf3 40. Rd3 Ne5 41. Rd2 Kd7 42. Rf2 Ke7 43. Rf4 Rf6 44. Rxf6
Kxf6 45. Ke2 Nf7 46. Kf3 Ng5+ 47. Kg4 Nxe4 48. Kxh4 Kf5 49. Bc2 e5 50.
Bxe4+ Kxe4 51. Kg4 Kd3 52. h4 e4 53. h5 e3 54. h6 e2 55. h7 e1=Q 56. h8=Q
Qe4+ 57. Kg3 Qe5+ 58. Qxe5 dxe5 59. Kf2 a6 60. Ke1 e4 61. Kd1 e3 62. Ke1 e2
63. c4 Kxc4 64. Kxe2 Kb3 65. Kd3 Kxb2 66. Kd4 Kb3 67. Kc5 Ka4 68. Kb6 Kb4
69. Kxb7 Kxa5 70. Kc6 Kb4 71. Kd5 a5 72. Kd4 Kb3 73. Kd3 a4 74. Kd2 a3 0-1

[Event "Olimpiade 2022 - Open"]
[Site "Chennai"]
[Date "31.07.2022"]
[Round "3.62"]
[White "Abdulkadir Mohamed Warsame"]
[Black "Rabeea, Sabah Nori"]
[Result "1/2-1/2"]
[WhiteElo "1820"]
[BlackElo "2122"]
[EventDate "31.07.2022"]
[Board "4"]
[WhiteFideId "16100913"]
[BlackFideId "4806212"]

1. c4 e6 2. Nc3 d5 3. d4 Nf6 4. cxd5 exd5 5. Bg5 Nbd7 6. e3 c6 7. Qc2 Qa5
8. Bd3 Bb4 9. Nf3 O-O 10. O-O Re8 11. a3 Bxc3 12. Qxc3 Qxc3 13. bxc3 Ne4
14. c4 dxc4 15. Bxc4 Nb6 16. Bd3 f6 17. Bf4 g5 18. Bc7 Nd5 19. Ba5 b6 20.
Be1 Bb7 21. Nd2 Nd6 22. Nc4 Nxc4 23. Bxc4 Rac8 24. Bd2 c5 25. Rac1 cxd4 26.
exd4 Rxc4 27. Rxc4 Ba6 28. Ra4 Bxf1 29. Kxf1 Re7 30. g3 Kf7 31. f3 a5 32.
Rc4 Re3 33. Rc7+ Nxc7 34. Bxe3 Ke6 35. Ke2 Kd5 36. Kd3 Nb5 37. a4 Nd6 38.
g4 h6 39. f4 Nc4 40. fxg5 hxg5 41. Bc1 Nd6 42. Bd2 Ne4 43. Be1 Nd6 44. h4
Nf7 45. hxg5 Nxg5 46. Bh4 Ne4 47. Be1 Nd6 48. Bh4 Ne8 49. Bg3 Ng7 50. Bc7
Kc6 51. Bd8 f5 52. g5 Ne6 53. Bf6 Kd5 54. Kc3 Nf4 55. Be5 Ng6 56. Bc7 Kc6
57. Bd8 b5 58. d5+ Kc5 59. axb5 Kxb5 60. Bc7 a4 61. Bd6 f4 62. Kd4 f3 63.
Ke3 Kc4 64. Kxf3 Kxd5 65. Ba3 Ne5+ 66. Kg3 Ke4 67. Kh2 1/2-1/2

[Event "Olimpiade 2022 - Open"]
[Site "Chennai"]
[Date "31.07.2022"]
[Round "3.64"]
[White "Morales Carlos"]
[Black "Adu Jnr, Lionel"]
[Result "1-0"]
[WhiteElo "2036"]
[BlackElo "1824"]
[EventDate "31.07.2022"]
[Board "4"]
[WhiteFideId "6706754"]
[BlackFideId "12600750"]

1. Nf3 d5 2. c4 c6 3. g3 Nf6 4. Bg2 g6 5. O-O Bg7 6. d4 O-O 7. Nc3 Nbd7 8.
Qb3 dxc4 9. Qxc4 Nb6 10. Qd3 Be6 11. Rd1 Nbd5 12. e4 Nxc3 13. bxc3 Bg4 14.
h3 Bxf3 15. Bxf3 e6 16. Rb1 Qa5 17. Rxb7 Qxa2 18. Bb2 Rab8 19. Ra1 Qxa1+
20. Bxa1 Rxb7 21. c4 Rfb8 22. Bc3 Rb3 23. Qc2 Nd7 24. e5 c5 25. dxc5 Nxe5
26. Bxe5 Bxe5 27. Qe4 Bf6 28. Qf4 Kg7 29. c6 Rc8 30. Kg2 a5 31. c5 Rb4 32.
Qe3 Bd4 33. Qd3 Ra8 34. c7 Rc8 35. Qa6 Rxc7 36. Qxa5 Rb2 37. Qxc7 Rxf2+ 38.
Kh1 Rxf3 39. h4 Rc3 40. c6 h5 41. Qd6 Rc1+ 42. Kg2 Bb6 43. Kf3 Rf1+ 44. Ke2
Rc1 45. Kd2 Rc4 46. Qe5+ Kh7 47. Qb5 Rd4+ 48. Kc3 Rg4 49. Qxb6 Rxg3+ 50.
Kd2 Rg4 51. Qc5 Rxh4 52. c7 Rh2+ 53. Ke1 1-0

[Event "Olimpiade 2022 - Open"]
[Site "Chennai"]
[Date "31.07.2022"]
[Round "3.66"]
[White "Pereira, Sergio"]
[Black "Wanyama, Harold"]
[Result "0-1"]
[WhiteElo "1994"]
[BlackElo "2242"]
[EventDate "31.07.2022"]
[Board "1"]
[WhiteFideId "1908316"]
[BlackFideId "10000380"]

1. e4 c5 2. c3 Nf6 3. e5 Nd5 4. d4 cxd4 5. Nf3 e6 6. cxd4 Qc7 7. Bd2 b6 8.
Nc3 Nxc3 9. Bxc3 Bb7 10. Bd3 d6 11. O-O Nd7 12. Rc1 Qd8 13. Bb4 dxe5 14.
Bxf8 Kxf8 15. Bb5 exd4 16. Qxd4 Bxf3 17. Qxd7 Qxd7 18. Bxd7 Bd5 19. Bc6
Bxc6 20. Rxc6 g6 21. Rc7 Kg7 22. Re1 Rhc8 23. Rb7 Rc2 24. g3 Rxb2 25. Rxe6
Rxa2 26. Ree7 Rf8 27. Rxa7 Rxa7 28. Rxa7 Rb8 29. Kf1 b5 30. Ke2 b4 31. Kd2
b3 32. Ra1 Rc8 33. Rb1 Rc2+ 34. Ke3 b2 35. h4 h5 36. f3 Rh2 37. Kf4 Kf6 38.
Re1 Rc2 39. Rb1 Rc4+ 40. Ke3 Rc3+ 41. Ke4 Rb3 42. Kf4 Rb4+ 43. Ke3 Ke5 44.
f4+ Kf5 0-1

[Event "Olimpiade 2022 - Open"]
[Site "Chennai"]
[Date "31.07.2022"]
[Round "3.66"]
[White "Egesa emmanuel"]
[Black "Lima, Osvaldo Dos Santos"]
[Result "1-0"]
[WhiteElo "2152"]
[BlackElo "1863"]
[EventDate "31.07.2022"]
[Board "4"]
[WhiteFideId "10009019"]
[BlackFideId "14306352"]

1. d4 g6 2. e4 Bg7 3. Be3 d6 4. Nc3 Nf6 5. Qd2 O-O 6. O-O-O a6 7. Bh6 b5 8.
f3 b4 9. Nce2 a5 10. h4 Nc6 11. h5 Bxh6 12. Qxh6 e5 13. g4 Bxg4 14. hxg6
Bd7 15. g7 Re8 16. Nh3 Nxe4 17. fxe4 Re6 18. Qh5 Rg6 19. Rg1 Qf6 20. Rxg6
fxg6 21. Qh6 Qxg7 22. Qe3 exd4 23. Nxd4 Nxd4 24. Rxd4 Be6 25. Kb1 Qf7 26.
Bg2 Bxh3 27. Bxh3 Rf8 28. Rd1 Qf3 29. Be6+ Kg7 30. Qd4+ Qf6 31. Qc4 c5 32.
Qd5 Re8 33. Bd7 Re7 34. Bc6 Re6 35. Qd3 Qe5 36. Qa6 d5 37. exd5 Rd6 38.
Qxa5 b3 39. axb3 c4 40. bxc4 Rxc6 41. Qc3 Qxc3 42. bxc3 Rxc4 43. d6 Rc8 44.
d7 Rd8 45. c4 Kf7 46. c5 Rb8+ 47. Kc1 Ke7 48. c6 Kd8 49. Re1 Kc7 50. Re8
Rd8 51. Kd2 h5 52. Ke3 g5 53. Kf3 1-0

[Event "Olimpiade 2022 - Open"]
[Site "Chennai"]
[Date "31.07.2022"]
[Round "3.69"]
[White "Asante Debesai Zerabruk"]
[Black "Nay, Lin Tun"]
[Result "0-1"]
[WhiteElo "1785"]
[BlackElo "2045"]
[EventDate "31.07.2022"]
[Board "2"]
[WhiteFideId "15701310"]
[BlackFideId "13004255"]

1. e4 c5 2. Nf3 d6 3. d3 Nc6 4. g3 g6 5. Bg2 Bg7 6. O-O Nf6 7. Re1 O-O 8.
Nbd2 Bd7 9. Nh4 e5 10. Nf1 Bg4 11. f3 Be6 12. f4 exf4 13. Bxf4 Ng4 14. Qd2
Bxb2 15. Rab1 Bd4+ 16. Be3 Nxe3 17. Nxe3 Rb8 18. c3 Bf6 19. Nf3 Qa5 20.
Rec1 Qxa2 21. Rb2 Qa5 22. Nc4 Bxc4 23. dxc4 Qc7 24. Ne1 Ne5 25. Qe2 Qe7 26.
h4 Qe6 27. Bf1 Qg4 28. Qxg4 Nxg4 29. Ng2 Rfe8 30. Bd3 Be5 31. Nf4 Bxf4 32.
gxf4 Nf6 33. Re1 Re7 34. Kg2 Rbe8 35. Kf3 Nd7 36. Kg4 f5+ 37. exf5 Rxe1 38.
fxg6 Rg1+ 39. Kf3 b6 40. gxh7+ Kh8 41. h5 Nf6 42. Bg6 Re7 43. Rd2 Rf1+ 44.
Kg2 Rxf4 45. Rxd6 Nxh7 46. h6 Rg4+ 47. Kf3 Rxg6 48. Rxg6 Nf8 49. Rc6 Kh7
50. Kf4 Ng6+ 51. Kg5 Re5+ 52. Kf6 Kxh6 53. Rc7 Re7 54. Rc8 Re3 55. Rc6 Rxc3
0-1

[Event "Olimpiade 2022 - Open"]
[Site "Chennai"]
[Date "31.07.2022"]
[Round "3.71"]
[White "Mansour, Sameer"]
[Black "dos Reis, Tito"]
[Result "1-0"]
[WhiteElo "2232"]
[BlackElo "1658"]
[EventDate "31.07.2022"]
[Board "1"]
[WhiteFideId "8100144"]
[BlackFideId "31900291"]

1. c4 d6 2. d4 Nf6 3. Nc3 c6 4. e4 Qa5 5. Bd3 e5 6. d5 Bg4 7. f3 Bd7 8. Be3
Be7 9. Ne2 a6 10. O-O c5 11. a3 b5 12. b4 Qc7 13. cxb5 c4 14. b6 Qc8 15.
Bxc4 Bd8 16. Qd3 Qb7 17. b5 Bxb6 18. Rfb1 Bxe3+ 19. Qxe3 axb5 20. Nxb5 Bxb5
21. Bxb5+ Ke7 22. Bc6 Qa7 23. Rb7+ Qxb7 24. Bxb7 Ra5 25. Rc1 Nbd7 26. Rc7
Rb8 27. Bc6 h6 28. h4 Kd8 29. Ra7 Rc5 30. a4 Rb1+ 31. Kh2 Rb2 32. Bb5 Rcc2
33. Ra8+ Ke7 34. Qa7 Rxe2 35. Bxe2 Rxe2 36. Qc7 1-0

[Event "Olimpiade 2022 - Open"]
[Site "Chennai"]
[Date "31.07.2022"]
[Round "3.73"]
[White "Isam, Gaith"]
[Black "Sharikhan, Shawal"]
[Result "1-0"]
[WhiteElo "1828"]
[BlackElo "1789"]
[EventDate "31.07.2022"]
[Board "3"]
[WhiteFideId "11504463"]
[BlackFideId "10501673"]

1. e4 c5 2. Nc3 Nc6 3. f4 e6 4. Nf3 d5 5. Bb5 Ne7 6. exd5 exd5 7. Qe2 Qd6
8. Bxc6+ bxc6 9. d3 g6 10. Qe5 Qxe5+ 11. Nxe5 f6 12. Nf3 Kf7 13. h3 h5 14.
b3 Nf5 15. Na4 Bd6 16. Bd2 Ng3 17. Rg1 Bd7 18. Kf2 Nf5 19. Rad1 Rae8 20.
Rge1 Ne7 21. c4 d4 22. Bc1 Bf5 23. Nh4 Bd7 24. Nf3 Nc8 25. Ba3 Bxf4 26.
Bxc5 Bf5 27. Nxd4 Rxe1 28. Kxe1 Bg3+ 29. Kd2 Bd7 30. Ne2 Bc7 31. Rf1 Rd8
32. Bd4 f5 33. Be3 Re8 34. a3 Nb6 35. Nc5 Bc8 36. Nd4 Bd6 37. b4 a5 38.
Nxc6 axb4 39. axb4 Nd7 40. Ne4 Bc7 41. Ng5+ Kg8 42. Bf4 Bxf4+ 43. Rxf4 Bb7
44. b5 Bxc6 45. bxc6 Ne5 46. Rd4 Nxc6 47. Rd6 Ne7 48. Re6 Kf8 49. h4 Ra8
50. g3 Ra2+ 51. Kc3 Rg2 52. Re3 Ng8 53. d4 Nf6 54. d5 Ng4 55. Rd3 Ne5 56.
Ne6+ Ke7 57. Nf4 Rg1 58. Ne2 Rg2 59. Re3 Kf6 60. Kd4 Nf7 61. Re6+ Kg7 62.
c5 g5 63. hxg5 Nxg5 64. Re3 Kf6 65. c6 Ne4 66. c7 1-0

[Event "Olimpiade 2022 - Open"]
[Site "Chennai"]
[Date "31.07.2022"]
[Round "3.75"]
[White "Paiva, Donaldo"]
[Black "Fancy, Stuart"]
[Result "1-0"]
[WhiteElo "2191"]
[BlackElo "1984"]
[EventDate "31.07.2022"]
[Board "1"]
[WhiteFideId "14800098"]
[BlackFideId "9100024"]

1. d4 Nc6 2. d5 Nb8 3. e4 d6 4. f4 e5 5. dxe6 Bxe6 6. Nc3 Nc6 7. Nf3 Be7 8.
Bd3 Bg4 9. Be3 Bh4+ 10. g3 Bf6 11. Nd5 Bd4 12. c3 Bxe3 13. Nxe3 Bd7 14. Qb3
Nh6 15. h3 O-O 16. g4 Kh8 17. g5 Ng8 18. h4 f5 19. exf5 Nge7 20. f6 gxf6
21. O-O-O f5 22. h5 Na5 23. Qc2 Bc6 24. Qf2 b5 25. Rdg1 Be4 26. g6 Rf6 27.
Bxe4 fxe4 28. Ng5 Qg8 29. Nxh7 1-0

[Event "Olimpiade 2022 - Open"]
[Site "Chennai"]
[Date "31.07.2022"]
[Round "3.78"]
[White "Terubea, Ronald"]
[Black "Pesqueira, Jose"]
[Result "1-0"]
[WhiteElo "1742"]
[BlackElo "1809"]
[EventDate "31.07.2022"]
[Board "2"]
[WhiteFideId "11400331"]
[BlackFideId "15900037"]

1. e4 b6 2. d4 Bb7 3. d5 Na6 4. Bxa6 Bxa6 5. b3 e6 6. Ne2 Qf6 7. c3 Qg6 8.
O-O Qxe4 9. Re1 Nf6 10. dxe6 dxe6 11. Nf4 Qc6 12. Qc2 Be7 13. Ba3 Bxa3 14.
Nxa3 O-O-O 15. c4 Qd6 16. Qc1 g5 17. Ne2 Ng4 18. Ng3 h6 19. Nb5 Bxb5 20.
cxb5 Qd2 21. Re2 Qxc1+ 22. Rxc1 Nf6 23. Rec2 Rd7 24. f3 Rhd8 25. Nf1 Nd5
26. g3 Nb4 27. Rc4 Nd3 28. R1c2 Nc5 29. Kf2 f5 30. Re2 Rd6 31. Rec2 R8d7
32. Re2 e5 33. Kg2 e4 34. fxe4 Nxe4 35. Ne3 Rd2 36. Rc2 Rxe2+ 37. Rxe2 Rf7
38. Nxf5 Rxf5 39. Rxe4 Rxb5 40. Re8+ Kb7 41. Rh8 Rd5 42. Rxh6 Rd2+ 43. Kf3
Rxa2 44. Kg4 Ra5 45. Rh5 Rb5 46. Rxg5 Rxb3 47. h4 Rb4+ 48. Kf5 Rb1 49. h5
Rh1 50. Kg6 a5 51. h6 a4 52. Rh5 Rg1 53. h7 a3 54. h8=Q a2 55. Rh1 a1=Q 56.
Qxa1 Rxa1 57. Rxa1 c5 58. Kf5 b5 59. Ke4 Kb6 60. g4 b4 61. g5 b3 62. Kd3
Kb5 63. Kc3 1-0

[Event "Olimpiade 2022 - Open"]
[Site "Chennai"]
[Date "31.07.2022"]
[Round "3.81"]
[White "Wane, Al Hassane"]
[Black "Kourakoumba, Florent"]
[Result "1-0"]
[WhiteElo "1750"]
[BlackElo "1677"]
[EventDate "31.07.2022"]
[Board "2"]
[WhiteFideId "19900082"]
[BlackFideId "30600065"]

1. d4 e6 2. c4 c5 3. e3 Nf6 4. Nf3 Be7 5. Bd3 Nc6 6. O-O b6 7. Nc3 O-O 8.
d5 Nb4 9. d6 Bxd6 10. Bxh7+ Nxh7 11. Qxd6 Bb7 12. e4 Nc6 13. Rd1 Bc8 14.
Nb5 a6 15. Nc3 Ra7 16. Qg3 f6 17. Rd6 Qe7 18. Be3 e5 19. Rad1 Nd4 20. Rxb6
Bb7 21. Bxd4 cxd4 22. Nd5 Bxd5 23. cxd5 d6 24. h4 Qc7 25. Rc6 Qd7 26. h5
Rc8 27. Rdc1 Rac7 28. h6 g5 29. Qh3 g4 30. Rxc7 Rxc7 31. Rxc7 Qxc7 32.
Qxg4+ Kf8 33. Kh2 d3 34. b3 a5 35. Nd2 Ng5 36. f4 Nh7 37. Nc4 exf4 38. Qxf4
Qe7 39. Qe3 Ng5 40. Qxd3 Nxe4 41. Qh3 Ng5 42. Qc8+ Kf7 43. Qh8 Kg6 44. Qg7+
Qxg7 45. hxg7 Kxg7 46. Nxd6 Kf8 47. Nc4 Ke7 48. Kg3 Ne4+ 49. Kf4 Nc3 50.
d6+ Ke6 51. a3 Nd5+ 52. Ke4 f5+ 53. Kd4 Nf4 54. Ne3 Ne2+ 55. Kc5 f4 56. Nd5
Kd7 57. Nb6+ Kd8 58. Kb5 Nd4+ 59. Kxa5 Nxb3+ 60. Kb4 Nd4 61. a4 Nf5 62. a5
Ne3 63. a6 Ke8 64. d7+ Ke7 65. a7 Nxg2 66. a8=Q Ne3 67. d8=Q+ Ke6 68. Qd7+
Ke5 69. Qh8+ 1-0

[Event "Olimpiade 2022 - Open"]
[Site "Chennai"]
[Date "31.07.2022"]
[Round "3.82"]
[White "Garber, Ousainou"]
[Black "Mohamed Ali Dima"]
[Result "0-1"]
[WhiteElo "1772"]
[BlackElo "1576"]
[EventDate "31.07.2022"]
[Board "3"]
[WhiteFideId "21100306"]
[BlackFideId "32500173"]

1. d4 d5 2. Nf3 Bf5 3. e3 e6 4. c4 c6 5. cxd5 cxd5 6. Bb5+ Nd7 7. O-O Nf6
8. Ne5 a6 9. Be2 Bd6 10. f4 Ne4 11. Nc3 Ndf6 12. Kh1 h5 13. Qb3 Bxe5 14.
dxe5 Ng4 15. Nxe4 Bxe4 16. h3 Qh4 17. Kg1 Qg3 18. Bf3 Qh2# 0-1

[Event "Olimpiade 2022 - Open"]
[Site "Chennai"]
[Date "31.07.2022"]
[Round "3.83"]
[White "Stratonowitsch, Andre"]
[Black "Drayton, Anthony"]
[Result "1-0"]
[WhiteElo "2138"]
[BlackElo "1928"]
[EventDate "31.07.2022"]
[Board "2"]
[WhiteFideId "24613959"]
[BlackFideId "19700261"]

1. e4 c6 2. d4 d5 3. exd5 cxd5 4. c4 Nf6 5. Nc3 Nc6 6. Nf3 Bg4 7. cxd5 Nxd5
8. Qb3 Bxf3 9. gxf3 e6 10. Qxb7 Nxd4 11. Bb5+ Nxb5 12. Qc6+ Ke7 13. Qxb5
Nxc3 14. bxc3 f6 15. Qb7+ Ke8 16. Be3 Qc8 17. Qxc8+ Rxc8 18. Bxa7 Rxc3 19.
Ke2 Ra3 20. Bd4 Bd6 21. Rhb1 Ra4 22. Bc3 Rf8 23. Rb6 Bxh2 24. Rxe6+ Kf7 25.
Re4 Rfa8 26. Rxa4 Rxa4 27. a3 Bd6 28. Bb2 h5 29. Rd1 Ke6 30. Kf1 Ra5 31.
Rd3 Rg5 32. Bc1 Rc5 33. Bd2 Rc4 34. Kg2 g6 35. Rb3 Kd5 36. Bb4 Be5 37. Rd3+
Bd4 38. Rd2 Rc1 39. Be7 Rc6 40. Bb4 Kc4 41. Rc2+ Kb5 42. a4+ Kb6 43. Rxc6+
Kxc6 44. Kg3 Kd5 45. a5 Kc4 46. Bd2 Kb5 47. f4 f5 48. Be1 Bf6 49. Bd2 Bd8
50. Bc3 Bxa5 51. Bf6 Be1 52. Kf3 Kc4 53. Ke3 Bc3 54. Bd8 Bd4+ 55. Kf3 Kd3
56. Be7 Kd2 57. Bb4+ Bc3 58. Bc5 Ke1 59. Bb6 Kf1 60. Bc5 Kg1 61. Kg3 Be1
62. Bb6 Bxf2+ 63. Bxf2+ Kf1 64. Bc5 Ke2 65. Bb6 Kd3 66. Kf3 h4 67. Bd8 h3
68. Kg3 Ke4 69. Bg5 h2 70. Kxh2 Kf3 71. Kh3 1-0

[Event "Olimpiade 2022 - Open"]
[Site "Chennai"]
[Date "31.07.2022"]
[Round "3.83"]
[White "Neto, Roberto"]
[Black "Pillay, Ragul"]
[Result "1/2-1/2"]
[WhiteElo "1663"]
[BlackElo "1353"]
[EventDate "31.07.2022"]
[Board "3"]
[WhiteFideId "19700318"]
[BlackFideId "9800174"]

1. e4 c5 2. Nf3 Nc6 3. d4 cxd4 4. Nxd4 Nf6 5. Nc3 e6 6. Bf4 Bb4 7. f3 Qa5
8. Nb5 e5 9. Be3 O-O 10. a3 Bxc3+ 11. Nxc3 h6 12. Bc4 Rd8 13. Qd6 Ne8 14.
Qd5 Qxd5 15. Bxd5 Nc7 16. Ba2 b6 17. O-O Bb7 18. Rad1 Rac8 19. Rd2 Ne6 20.
Nd5 Kf8 21. c3 Na5 22. Rfd1 Nc4 23. Bxc4 Rxc4 24. Nb4 Rc7 25. Nd3 f6 26.
Nb4 Nc5 27. Bxc5+ bxc5 28. Nc2 Bc6 29. Ne3 Ba4 30. Rb1 Rb8 1/2-1/2